Земля русская: (В памяти живут люди); очерки

Detalles Bibliográficos
Autor principal: Васильев И. А. Иван Афанасьевич
Otros Autores: Карелин А. (автор послесловия)
Lenguaje:ruso
Publicado: Ленинград, Лениздат, 1983
Materias:
Formato: Libro
KOHA link:https://koha.lib.tpu.ru/cgi-bin/koha/opac-detail.pl?biblionumber=134462

MARC

LEADER 00000nam0a2200000 4500
001 134462
005 20231031135707.0
020 |a RU  |b 83-39439 
035 |a (RuTPU)RU\TPU\book\145756 
090 |a 134462 
100 |a 20080331d1983 m y0rusy5003 ca 
101 0 |a rus 
102 |a RU 
105 |a a z 000ay 
200 1 |a Земля русская  |e (В памяти живут люди)  |e очерки  |f И. А. Васильев  |g авт. послесл. А. Карелин 
210 |a Ленинград  |c Лениздат  |d 1983 
215 |a 464 с.  |c 1 л. портр.  |d 21 см 
610 1 |a Деревня 
610 1 |a Нечерноземная зона 
610 1 |a очерки 
610 1 |a советская литература 
675 |a Р2  |z rus 
700 1 |a Васильев  |b И. А.  |g Иван Афанасьевич  |4 070 
702 1 |a Карелин  |b А.  |4 075 
801 0 |a RU  |b RuMRKP  |c 19950704  |g psbo 
801 1 |a RU  |b 63413507  |c 20080331  |g PSBO 
801 2 |a RU  |b 63413507  |c 20080331  |g PSBO 
942 |c BK